00774 a2200169 45000010006000000050017000060080041000230030015000640400040000790800034001192450067001532640096002203000018003165050240003340410008005741000022005825776020260407155837.0260407a1978 arg spa dAR-UNSa-BCEJYS aAR-UNSa-BCEJYSbspacAR-UNSa-BCEJYS a338.53xPolítica de precios10aContabilidad nacional a precios constantes en América Latina 1aSantiago de Chile :bCEPAL (Comisión Económica para América Latina y el Caribe)c1978 a64 p.c21 cm. a1. Cuentas nacionales a precios constantes: exámen de prácticas y de los vacios de la información básica – 2. Un sistema de índices de precios y cantidades – 3. Principales índices tradicionales de precios y cantidades  aspa1 aFracchia, Alberto